Nábor přes sociální sítě: buďte důslední
Úspech zamestnávateľa na trhu práce - ako na to. Príklady inšpiratívnych kampaní a projektov. Plusy a mínusy náborov pomocou sociálnych sietí.
Guardado en:
| Autor principal: | |
|---|---|
| Formato: | Capítulo de libro |
| Lenguaje: | checo |
| Materias: | |
| Etiquetas: |
Sin Etiquetas, Sea el primero en etiquetar este registro!
|
MARC
| LEADER | 00000naa a2200000 4500 | ||
|---|---|---|---|
| 001 | 0228616 | ||
| 005 | 20170320132853.1 | ||
| 041 | 0 | |a cze | |
| 044 | |a CZ | ||
| 245 | 1 | 0 | |a Nábor přes sociální sítě: buďte důslední |c Alena Červenková |
| 520 | |a Úspech zamestnávateľa na trhu práce - ako na to. Príklady inšpiratívnych kampaní a projektov. Plusy a mínusy náborov pomocou sociálnych sietí. | ||
| 610 | 2 | 0 | |a zamestnávatelia |
| 610 | 2 | 0 | |a nábor pracovníkov |
| 610 | 2 | 0 | |a trh práce |
| 610 | 2 | 0 | |a siete sociálne |
| 100 | 1 | |a Červenková, Alena | |